Enzyme chemistry: (Record no. 35539)
[ view plain ]
| 000 -LEADER | |
|---|---|
| fixed length control field | 00756cam a2200253Ia 4500 |
| 001 - CONTROL NUMBER | |
| control field | u9663 |
| 003 - CONTROL NUMBER IDENTIFIER | |
| control field | SIRSI |
| 005 - DATE AND TIME OF LATEST TRANSACTION | |
| control field | 20180220094412.0 |
| 008 - FIXED-LENGTH DATA ELEMENTS--GENERAL INFORMATION | |
| fixed length control field | 000508s1998 enka b 001 0 eng d |
| 020 ## - INTERNATIONAL STANDARD BOOK NUMBER | |
| International Standard Book Number | 0751403628 |
| 039 #9 - LEVEL OF BIBLIOGRAPHIC CONTROL AND CODING DETAIL [OBSOLETE] | |
| -- | 200203190952 |
| -- | load |
| 050 ## - LIBRARY OF CONGRESS CALL NUMBER | |
| Classification number | QP601 |
| Item number | E58 1998 |
| 245 00 - TITLE STATEMENT | |
| Title | Enzyme chemistry: |
| Remainder of title | impact and applications/ |
| Statement of responsibility, etc. | edited by C. J. Suckling, C. L. Gibson, A. R. Pitt. |
| 250 ## - EDITION STATEMENT | |
| Edition statement | 3rd ed. |
| 260 ## - PUBLICATION, DISTRIBUTION, ETC. | |
| Place of publication, distribution, etc. | London : |
| Name of publisher, distributor, etc. | Chapman and Hall, |
| Date of publication, distribution, etc. | c1998. |
| 300 ## - PHYSICAL DESCRIPTION | |
| Extent | x, 293 p. : |
| Other physical details | ill. ; |
| Dimensions | 24 cm. |
| 504 ## - BIBLIOGRAPHY, ETC. NOTE | |
| Bibliography, etc. note | Includes bibliographical references and index. |
| 596 ## - | |
| -- | 1 |
| 650 #0 - SUBJECT ADDED ENTRY--TOPICAL TERM | |
| Topical term or geographic name entry element | Enzymes. |
| 700 10 - ADDED ENTRY--PERSONAL NAME | |
| Personal name | Suckling, C. J. |
| 700 10 - ADDED ENTRY--PERSONAL NAME | |
| Personal name | Gibson, C. L. |
| 700 10 - ADDED ENTRY--PERSONAL NAME | |
| Personal name | Pitt, A. R. |
| 942 ## - ADDED ENTRY ELEMENTS (KOHA) | |
| Koha item type | Books |
| Source of classification or shelving scheme | Library of Congress Classification |
| Withdrawn status | Lost status | Source of classification or shelving scheme | Damaged status | Not for loan | Home library | Current library | Date acquired | Total Checkouts | Full call number | Barcode | Date last seen | Copy number | Price effective from | Koha item type |
|---|---|---|---|---|---|---|---|---|---|---|---|---|---|---|
| Library of Congress Classification | Main | Main | 02/20/2018 | QP601 E58 1998 | 0006153 | 02/20/2018 | 1 | 02/20/2018 | Books |